Las comisiones médicas y la habilitación de las acciones judiciales directas en materia de riesgos del trabajo (Registro nro. 19195)

Detalles MARC
000 -LEADER
fixed length control field 00421 a2200121 4500
001 - CONTROL NUMBER
control field ART_51408
005 - DATE AND TIME OF LATEST TRANSACTION
control field 20260410161746.0
008 - FIXED-LENGTH DATA ELEMENTS--GENERAL INFORMATION
fixed length control field 260409a
100 1# - MAIN ENTRY--PERSONAL NAME
Personal name Formaro, Juan J.
245 10 - TITLE STATEMENT
Title Las comisiones médicas y la habilitación de las acciones judiciales directas en materia de riesgos del trabajo
700 1# - ADDED ENTRY--PERSONAL NAME
Personal name Galeazzi, Mario B.
773 0# - HOST ITEM ENTRY
Title Doctrina laboral
Related parts - N° 422 (oct. 2020)
Record control number REV4049

No hay ítems disponibles.